000 00287nam a22001337a 4500
008 170923b xxu||||| |||| 00| 0 eng d
020 _a9780023408144
041 _aeng
080 _a37
100 _a46
101 _aEDU
245 _aEDUCATIONAL RESEARCH
_cGAY, L.R
942 _2udc
_cBK
999 _c29439
_d29439